| 000 | 00912nam a2200301Ia 4500 | ||
|---|---|---|---|
| 001 | 41871 | ||
| 003 | IT-RoPAU | ||
| 008 | 130308s9999 xx 000 0 und d | ||
| 040 | _aIT-RoPAU | ||
| 040 | _cIT-RoPAU | ||
| 041 | _aFRANCESE | ||
| 100 | _aBrediceanu Mihai | ||
| 100 | _gCodice Aut. SPICS: 18421 | ||
| 245 | _aTopologie des formes sonores et musique (documento 44) | ||
| 245 | _bTopologie des Formes sonores et Musique (Documento 44) | ||
| 250 | _a1a ed. | ||
| 260 | _aITALIA | ||
| 260 | _bUniversita' Di Urbino | ||
| 260 | _c1975 [1° Ed.:1975 - Ed.Ling.Originale:1975] | ||
| 300 | _a"16 p. (prefazione: no ; testo: 16)" | ||
| 500 | _aForme sonore e Musica forme sonore e Trasmissione delle informazioni Linguaggio Musicale Come Forma Sonora | ||
| 650 | _aLINGUAGGIO MUSICALE | ||
| 650 | _eCodice materia Spics: 7004 | ||
| 942 | _cBK | ||
| 957 | _71 | ||
| 999 |
_c64962 _d64962 |
||
| 999 | _bSI | ||
| 999 | _g1 | ||